000 00350nam a2200133Ia 4500
008 100328s9999 xx 000 0 und d
082 _b57286
100 _aफडणीस शकुंतला
245 _aहोल्डॉल
260 _bशब्द
630 _aहोल्डॉल
730 _aहोल्डॉल
942 _cBOOK
999 _c543748
_d543745